Szczegóły MARC21

Zarządzanie finansami : inwestycje, wycena przedsiębiorstw, zarządzanie wartością /

003 -Nazwa inst., której nr kontr. jest w polu 001 [,]
    • @
    • Nazwa instytucji, której n kontrolny jest w polu 001
    • NUKAT
005 -DATA I CZAS OSTATNIEJ MODYFIKACJI [,]
    • @
    • pole kontrolne
    • 20241231091206.0
040 -Instytucja sporządzająca opis [ , ]
    • a
    • Instytucja, która sporządziła opis (NP)
    • KIEL 010/ES
    • c
    • Instytucja, która sporządziła rekord (NP)
    • KIEL 010/ES
    • d
    • Instytucja, która zmodyfikowała rekord (P)
    • KIEL 010/ES
    • d
    • Instytucja, która zmodyfikowała rekord (P)
    • SZCZ M/KB
    • d
    • Instytucja, która zmodyfikowała rekord (P)
    • WA U/DNs
    • d
    • Instytucja, która zmodyfikowała rekord (P)
    • WR U/PAdjm
041 -Język dokumentu [0, ]
    • a
    • Język tekstu (P)
    • polski
    • a
    • Język tekstu (P)
    • angielski
    • b
    • Język streszczeń lub abstraktu (P)
    • angielski
942 -Rodzaj dokumentu [ , ]
    • c
    • Rodzaj dokumentu
    • Książka
245 -Strefa tytułu i oznaczenia odpowiedzialności [0,0]
    • a
    • Tytuł
    • Zarządzanie finansami : Find
    • b
    • Ciąg dalszy tytułu (NP)
    • inwestycje, wycena przedsiębiorstw, zarządzanie wartością / Find
    • c
    • Pozostałe elementy strefy tytułu i oznaczenia odpowiedzialności (NP)
    • [red. nauk. Dariusz Zarzecki].
260 -Strefa adresu wydawniczego [ , ]
    • a
    • Miejsce wydania (P)
    • Szczecin :
    • b
    • Nazwa wydawcy (P)
    • Uniwersytet Szczeciński,
    • c
    • Data wydania (P)
    • 2011.
300 -Strefa opisu fizycznego [ , ]
    • a
    • Określenie formy książki i/lub objętość (NP)
    • 916 s. :
    • b
    • Oznaczenie ilustracji (NP)
    • il. ;
    • c
    • Format (NP)
    • 25 cm.
336 -Typ zawartości [ , ]
    • a
    • Termin opisujący typ zawartości
    • Tekst
    • b
    • Kod określający zawartość
    • txt
    • 2
    • Źródło (terminu i kodu)
    • rdacontent
337 -Typ mediów [ , ]
    • a
    • Tryb odtwarzania
    • Bez urządzenia pośredniczącego
    • b
    • Kod typu mediów
    • n
    • 2
    • Źródło (terminu i kodu)
    • rdamedia
338 -Typ/rodzaj nośnika [ , ]
    • a
    • Hasło opisujące typ nośnika
    • Wolumin
    • b
    • Kod typu nośnika
    • nc
    • 2
    • Źródło (terminu i kodu)
    • rdacarrier
490 -Strefa serii i książki wielotomowej - forma nie do wyszukiwania [1, ]
    • a
    • Tytuł (P)
    • Zeszyty Naukowe / Uniwersytet Szczeciński. Finanse, Rynki Finansowe, Ubezpieczenia, Find
    • x
    • ISSN (NP)
    • 1733-2842 ;
    • v
    • Numeracja (P)
    • nr 37
490 -Strefa serii i książki wielotomowej - forma nie do wyszukiwania [1, ]
    • a
    • Tytuł (P)
    • Czas na Pieniądz Find
830 -Hasło dodatkowe serii i opisu książki wielotomowej - tytuł ujednolicony/tytuł [ ,0]
    • a
    • Tytuł ujednolicony/tytuł (NP)
    • Zeszyty Naukowe - Uniwersytet Szczeciński
    • x
    • ISSN
    • 1640-6818
    • v
    • Oznaczenie tomu (NP)
    • nr 639
    • 9
    • KHW
    • 14
830 -Hasło dodatkowe serii i opisu książki wielotomowej - tytuł ujednolicony/tytuł [ ,0]
    • a
    • Tytuł ujednolicony/tytuł (NP)
    • Zeszyty Naukowe - Uniwersytet Szczeciński.
    • p
    • Nazwa części/podserii/sekcji (P)
    • Finanse, Rynki Finansowe, Ubezpieczenia
    • x
    • ISSN
    • 1733-2842
    • v
    • Oznaczenie tomu (NP)
    • nr 37
    • 9
    • KHW
    • 70
830 -Hasło dodatkowe serii i opisu książki wielotomowej - tytuł ujednolicony/tytuł [ ,0]
    • a
    • Tytuł ujednolicony/tytuł (NP)
    • Czas na Pieniądz
    • 9
    • KHW
    • 1291
500 -Uwaga ogólna [ , ]
    • a
    • Uwaga ogólna (NP)
    • W serii gł.: nr 639.
500 -Uwaga ogólna [ , ]
    • a
    • Uwaga ogólna (NP)
    • Na okł.: Investment, business valuation, value-based management.
500 -Uwaga ogólna [ , ]
    • a
    • Uwaga ogólna (NP)
    • Wstęp: Artykuły zostały opracowane i w większości zaprezentowane w czasie dwunastej Międzynarodowej Konferencji "Zarządzanie Finansami", zorganizowanej w kwietniu 2011 roku przez Katedrę Inwestycji i Wyceny Przedsiębiorstw Uniwersytetu Szczecińskiego.
504 -Uwaga dot. bibliogr. załącznikowej [ , ]
    • a
    • Uwaga dot. bibliografii załącznikowej
    • Bibliogr. przy art.
546 -Uwaga dot. języka [ , ]
    • a
    • Uwaga dot. języka
    • Tekst częśc. w jęz. ang.
546 -Uwaga dot. języka [ , ]
    • a
    • Uwaga dot. języka
    • Streszcz. art. pol. w jęz. ang.
080 -Uniwersalna Klasyfikacja Dziesiętna [ , ]
    • 2
    • Identyfikator wydania tablic
    • UDC-P058
    • 9
    • UKD
    • 3091
    • a
    • Symbol klasyfikacji
    • 334.72:657.92
    • b
    • Dopowiedzenie
    • Wycena (oszacowanie) przedsiębiorstw.
    • 4
    • UKD2
    • 8124
    • x
    • Poddział wspólny
    • (082.1)
    • c
    • Dopowiedzenie poddz. wspólnego
    • (Zbiory prac różnych autorów. Księgi pamiątkowe).
080 -Uniwersalna Klasyfikacja Dziesiętna [ , ]
    • 2
    • Identyfikator wydania tablic
    • UDC-P058
    • 9
    • UKD
    • 2959
    • a
    • Symbol klasyfikacji
    • 330.322.5
    • b
    • Dopowiedzenie
    • Rentowność, efektywność inwestycji. Kalkulacja kosztów inwestycji. Mierzenie efektywności inwestycji.
    • 4
    • UKD2
    • 8124
    • x
    • Poddział wspólny
    • (082.1)
    • c
    • Dopowiedzenie poddz. wspólnego
    • (Zbiory prac różnych autorów. Księgi pamiątkowe).
080 -Uniwersalna Klasyfikacja Dziesiętna [ , ]
    • 2
    • Identyfikator wydania tablic
    • UDC-P058
    • 9
    • UKD
    • 3192
    • a
    • Symbol klasyfikacji
    • 336.76
    • b
    • Dopowiedzenie
    • Giełda papierów wartościowych. Rynek pieniężny. Rynek kapitałowy. Rynek finansowy.
    • 4
    • UKD2
    • 8124
    • x
    • Poddział wspólny
    • (082.1)
    • c
    • Dopowiedzenie poddz. wspólnego
    • (Zbiory prac różnych autorów. Księgi pamiątkowe).
650 -Hasło przedmiotowe [ ,7]
    • a
    • Hasło przedmiotowe
    • Zarządzanie finansowe
    • v
    • Określnik formalny
    • konferencje.
    • 2
    • Źródło terminu
    • kaba
    • 9
    • KHW
    • 349838
650 -Hasło przedmiotowe [ ,7]
    • a
    • Hasło przedmiotowe
    • Przedsiębiorstwa
    • x
    • Określnik rzeczowy
    • ocena
    • v
    • Określnik formalny
    • konferencje.
    • 2
    • Źródło terminu
    • kaba
    • 9
    • KHW
    • 349832
980 -Symbol UKD [ , ]
    • a
    • UKD
    • 334.72:657.92:330.322.5:336.76](082.1)
700 -Hasło dodatkowe - nazwa osobowa [1, ]
    • a
    • Nazwa osobowa (NP)
    • Zarzecki, Dariusz Find
    • d
    • Daty biograficzne (NP)
    • (1959- ).
    • 9
    • KHW
    • 43193
931 -Powiązanie tyt. z wydaw. ciągłym [ , ]
    • a
    • Powiązanie tytułówki z wydaw. ciągłym
    • PATRZ WYDAWNICTWO CIĄGŁE
    • z
    • Numer rek. powiązanego
    • 120836